000 01893cam a2200337 a 4500
003 EG-GiCUC
005 20250223031727.0
008 170529s2016 ua o f m 000 0 eng d
040 _aEG-GiCUC
_beng
_cEG-GiCUC
041 0 _aeng
049 _aDeposite
097 _aM.Sc
099 _aCai01.13.10.M.Sc.2016.Mo.A
100 0 _aMostafa Ahmed Sayed Ibrahim Elabsawy
245 1 0 _aAssessment of time dependent and in-dependent failure theories and interfacing with fe code /
_cMostafa Ahmed Sayed Ibrahim Elabsawy ; Supervised Adel A. Megahed , M. Nader M. Abuelfoutouh
246 1 5 _aتقييم نظريات الإنهيار التى تعتمد و التى لا تعتمد على الزمن و إجراء تفاعل مع أحد برامج العناصر المحدودة
260 _aCairo :
_bMostafa Ahmed Sayed Ibrahim Elabsawy ,
_c2016
300 _a70 P. :
_bphotographs ;
_c30cm
502 _aThesis (M.Sc.) - Cairo University - Faculty of Engineering - Department of Mathematics and Physics
520 _aThe failure theories can be divided into two categories. Time In-dependent theories (maximum normal stress theory, maximum shear Stress theory and von mises theory) determine the limiting stress, in which time dependent theories (fatigue, creep and fatigue creep interaction) predict the life time of any engineering design. An assessment for some theories in the two categories introduces accurate prediction of life time according to durability, reliability and integrity by interfacing with commercial FE code
530 _aIssued also as CD
653 4 _aAssessment
653 4 _aCreep
653 4 _aFatigue
700 0 _aAdel Abdelrahman Megahed ,
_eSupervisor
700 0 _aMohamed Nader Mohamed Abuelfoutouh ,
_eSupervisor
856 _uhttp://172.23.153.220/th.pdf
905 _aNazla
_eRevisor
905 _aSamia
_eCataloger
942 _2ddc
_cTH
999 _c61036
_d61036